Discografía de Cruz Cafuné - Estadísticas

Estadísticas generales
  • Esta prueba ha sido intentada 206 veces
    162 desde el último reinicio
  • La puntuación promedio es 46 de 188
Estadísticas de respuestas
% Correcto
Me Muevo Con Dios
87%
Moonlight
85%
Sangre y Fe
80%
Te enamoraste de un G
78%
Tentaciones
76%
G WAGON
75%
Foxy Eyes
74%
Este Verano
71%
Practice
71%
Visión Túnel
71%
Maracucho Bueno / Muere Chiquito
70%
Dios #1
68%
Cangrinaje
67%
Fabiola
67%
Issey Miyake
66%
TLC
66%
4 PREZ
63%
Movezz en silencio
60%
Nmout 3LIK
59%
LUISAViAROMA
58%
ABAMA Jr. Suite
57%
Folelé
57%
Ojitos Aguaos
57%
TURBO // Epifanía
57%
922 928
56%
Coquito la Pieza
56%
Mapa de Calor
56%
Mi Isla / 10 k
56%
BABI BOI
55%
Cuenta Conmigo
53%
Majalulo
53%
Balaperdida
52%
Ja Morant
52%
Stone Island
52%
En Bajo Perfil
51%
FAXXXxxx
49%
goofy ahh luv joint
49%
Corintios 13:12
48%
Ghostéame
48%
Lo Pues Intentar
48%
Retro 11s
48%
1€ cada vez
47%
Cartier de Madera
47%
Mi Casa
47%
Doble Tick Azul
45%
Mina El Hammani
44%
BLU
43%
rang€ rov€r
43%
Beast Mode
42%
Contando Lunares
42%
Lejos
42%
m€ntiras
41%
Amén
40%
blu€s
38%
RE-UP
38%
la raíz d€l mal
37%
Cayó la Noche (Remix)
35%
Elíseos
35%
Tokyo Drift
35%
Caprese
34%
Forbes
34%
Muchoperro
33%
Ahi Fuera (No hay Reglas)
32%
Cuando Estoy Mal
32%
Bandida
31%
s3_e07_theboondocks_dvdrip.mpeg
31%
Slow Mo
31%
VVS
31%
Ebay
29%
Jjjj
29%
Malaikah
29%
Un Fleje
29%
Ciego por el club
27%
Toy joya
27%
do it 4 th€ gram
26%
Todos Esos Golfos
26%
Chivatos
25%
Único
25%
No Hay Perdón
24%
Rapiña
24%
casado con €l ju€go
23%
De Ayer para Hoy
23%
Price Tag
23%
ISLA
22%
Konbini Wars
22%
Rifle Talibán (Remix)
22%
Mango
21%
Alexademie
20%
Con los dos en la cabeza
20%
HOTTEST.YOUNG.MEN.in.BIZNESS
20%
Virgensita
20%
Close friends ☆
19%
Island Boys
18%
Lo Mejore
18%
Miénteme
18%
Movin' loko
16%
2 Segundos
15%
Guaguancó
15%
Mis 12
15%
No se emula
14%
Amor ≠ Cristal
13%
Deporvidas
13%
Sangre Fría
13%
Éxito Rentao
12%
Lila y Snitch
12%
Solo quiero
12%
True Love
12%
En mi zona
11%
Génesis 3:19
11%
Lo Hago Así
11%
Apiladearró
10%
Black Card
10%
Intro Speech Cruzzi
10%
Lento
10%
Como Solía
9%
How Does it feel
9%
Powah
9%
Tumbao
9%
2ez
8%
BLU (Remix)
8%
Calentón
8%
do it 4 th€ gram (Remix)
8%
Berlín
7%
Care
7%
Despierto
7%
Too Late Freestyle (Remix)
7%
Da Body Deh
5%
Yucatán
5%
Mueve Ficha
4%
Sudor y frío
4%
Tango
4%
100K
3%
22
3%
922 & Hearthbreak
3%
Controlla
3%
Fe
3%
Kamehamekush
3%
LABIOS
3%
La Muma
3%
Ley
3%
Na de Dormir
3%
Party Tonight
3%
Prefijos
3%
rang€ rover (Remix)
3%
Serotonin
3%
Tarde
3%
You Called Me
3%
Birthday Boy
2%
Cubata & Mojito
2%
Dollah
2%
Madlib perreando
2%
Milikituli
2%
No Hay Más
2%
Paz Plan & Pan
2%
Que va a pasar
2%
Sueños
2%
The Drive
2%
87 COLLABx01
1%
Ambitious
1%
Color
1%
Isn't True
1%
Jaleo
1%
La Fiana
1%
LUNES
1%
Mantecao
1%
Salta salta
1%
SENSACIONAL
1%
Un Río
1%
922 & Hearthbreak (Remix)
0%
A fuego lento
0%
APROVÉCHATE
0%
Bomba
0%
Broke
0%
Bvdvss
0%
DEJAME FUMAR
0%
Escribe de mi
0%
Esta Noche
0%
Eva 240p
0%
I Got It
0%
Memento Mori
0%
No es pode
0%
Oye Bebe
0%
Rompe Cadenas
0%
Suerte
0%
Trance
0%
Venus
0%
No se encontraron pruebas coincidentes
Distribución de puntuación
Porcentaje de gente con cada puntuación
Porcentaje por número respondido
Historial de tus puntuaciones
No has intentado esta prueba desde el último reinicio